Most populous Indonesian islands - Statistics

General Stats
  • This quiz has been taken 129 times
  • The average score is 8 of 12
Answer Stats
Population Island % Correct
145,0 m Java
99%
50,18 m Sumatra
97%
18,45 m Kalimantan / Borneo
95%
4,22 m Bali
93%
4,36 m Papua / New Guinea
90%
21,25 m Sulawesi
88%
2,01 m West Timor / Timor
69%
3,16 m Lombok
62%
1,83 m Flores
50%
1,33 m Sumbawa
38%
1,14 m Batam
32%
3,62 m Madura
32%
No matching quizzes found
Score Distribution
Percent of People with Each Score
Percentile by Number Answered
Your Score History
You have not taken this quiz